[Event "Nice and easy"]
[Site "SchemingMind.com"]
[Date "2008.08.02"]
[Round "-"]
[White "lame wolf"]
[Black "murmac"]
[Result "0-1"]
[WhiteCountry "INT"]
[BlackCountry "SCO"]
[WhiteElo "1062"]
[WhiteRD "47"]
[BlackElo "1396"]
[BlackRD "84"]
[GameID "165853"]

1. c3 e5 2. d4 Nc6 3. d5 Nce7 4. e4 Nf6 5. Bg5 Ng6 6. Bxf6 Qxf6 7. Be2 Bc5 8. Nf3 d6 9. c4 Bg4 10. Nbd2 O-O-O
11. b3 Nf4 12. Qb1 Bxf3 13. Bxf3 Nxg2+ 14. Bxg2 Qxf2+
0-1

[Event "Nice and easy"]
[Site "SchemingMind.com"]
[Date "2008.08.02"]
[Round "-"]
[White "murmac"]
[Black "lame wolf"]
[Result "1-0"]
[WhiteCountry "SCO"]
[BlackCountry "INT"]
[WhiteElo "1396"]
[WhiteRD "84"]
[BlackElo "1062"]
[BlackRD "47"]
[GameID "165854"]

1. e4 d5 2. e5 c5 3. d4 c4 4. Nf3 b5 5. Bf4 Bg4 6. Be2 Nc6 7. Nc3 a6 8. Qd2 Be6 9. O-O-O b4 10. Na4 c3
11. Nxc3 bxc3 12. Qxc3 Qc7 13. h4 Bg4 14. Rde1 Bxf3 15. Bxf3 e6 16. g4 Bb4 17. Qe3 f6 18. exf6 Qa5 19. Qxe6+ Nge7 20. c3 Nd8
21. f7+ Nxf7 22. Qc6+
1-0

[Event "Nice and easy"]
[Site "SchemingMind.com"]
[Date "2008.08.03"]
[Round "-"]
[White "maro"]
[Black "lame wolf"]
[Result "1-0"]
[WhiteCountry "MEX"]
[BlackCountry "INT"]
[WhiteElo "1326"]
[WhiteRD "61"]
[BlackElo "1062"]
[BlackRD "47"]
[GameID "165893"]

1. d4 d5 2. f4 Nf6 3. Nf3 e6 4. Ne5 Bd6 5. Nc3 Bxe5 6. dxe5 Ne4 7. Na4 f6 8. c3 f5 9. e3 Bd7 10. b4 Bxa4
11. Qxa4+ Qd7 12. b5 b6 13. Bb2 O-O 14. O-O-O Nf2 15. Ba3 Nxh1 16. Qb4 Qd8 17. c4 c6 18. Bd3 Re8 19. Rxh1 c5 20. Qb2 dxc4
21. Bxc4 a6 22. Rd1 Qc7 23. Qb3 Nd7 24. bxa6 Qc6 25. Bb5 c4 26. Bxc4 Ra7 27. Rd6 Qxg2 28. Bxe6+ Kh8 29. Bf7 Rf8 30. e6 Qf1+
31. Kd2 Qf2+ 32. Kc3 Qxe3+ 33. Rd3 Qe1+ 34. Kc4 Rc7+ 35. Kb5 Rc5+ 36. Bxc5 Nxc5 37. Qd5 Qa5+ 38. Kc6 Nxd3 39. Qxd3 Rc8+ 40. Kb7 Rf8
41. e7
1-0

[Event "Nice and easy"]
[Site "SchemingMind.com"]
[Date "2008.08.03"]
[Round "-"]
[White "maro"]
[Black "murmac"]
[Result "0-1"]
[WhiteCountry "MEX"]
[BlackCountry "SCO"]
[WhiteElo "1326"]
[WhiteRD "61"]
[BlackElo "1396"]
[BlackRD "84"]
[GameID "165894"]

1. e4 c5 2. c4 Nc6 3. Nf3 e5 4. b3 Nf6 5. d3 d5 6. cxd5 Nd4 7. Nxe5 Bd6 8. f4 O-O 9. Nc3 Bg4 10. Qd2 Bxe5
11. fxe5 Nh5 12. Ba3 b6 13. b4 Bf3 14. bxc5 Bg4 15. c6 Re8 16. h3 Qh4+ 17. g3 Qxg3+ 18. Qf2 Nc2+ 19. Kd2 Qxf2+ 20. Be2 Nxa1
21. Rf1 Qg2 22. Rxa1 Bxe2 23. Nxe2 Rxe5 24. Bd6 Rg5 25. Re1 Ng3 26. Bxg3 Rxg3 27. d6 Qf3 28. Nd4 Qxd3+ 29. Kc1 Qa3+ 30. Kd2 Rg2+
31. Ne2 Qxd6+ 32. Ke3 Qc5+ 33. Kf4 g5+ 34. Kf3 Qf2#
0-1

[Event "Nice and easy"]
[Site "SchemingMind.com"]
[Date "2008.08.03"]
[Round "-"]
[White "lame wolf"]
[Black "maro"]
[Result "0-1"]
[WhiteCountry "INT"]
[BlackCountry "MEX"]
[WhiteElo "1062"]
[WhiteRD "47"]
[BlackElo "1326"]
[BlackRD "61"]
[GameID "165895"]

1. b4 e5 2. b5 a6 3. e3 c6 4. c4 a5 5. a4 Bb4 6. Bb2 Nf6 7. Bc3 Bxc3 8. Nxc3 c5 9. e4 d6 10. Nd5 Nxe4
11. Qf3 f5 12. d3 Ng5 13. Qe2 Nd7 14. Qb2 Nf6 15. Nxf6+ Qxf6 16. Be2 Qe6 17. Nf3 b6 18. Nxg5 Qg6 19. O-O Qxg5 20. Rad1 Bb7
21. Qd2 Qxg2#
0-1

[Event "Nice and easy"]
[Site "SchemingMind.com"]
[Date "2008.08.04"]
[Round "-"]
[White "murmac"]
[Black "maro"]
[Result "0-1"]
[WhiteCountry "SCO"]
[BlackCountry "MEX"]
[WhiteElo "1396"]
[WhiteRD "84"]
[BlackElo "1326"]
[BlackRD "61"]
[GameID "165896"]

1. e4 e5 2. Nf3 Nc6 3. Bc4 Nf6 4. Nc3 Bc5 5. d4 Nxd4 6. Nxd4 exd4 7. Nd5 h5 8. Bg5 d6 9. Qf3 Bg4 10. Qd3 Qd7
11. Bxf6 Kf8 12. f3 Be6 13. Be7+ Kg8 14. O-O-O Qa4 15. Nxc7 Bxc4 16. Qd2 Qxa2 17. Qg5 Qa1+ 18. Kd2 Bb4+ 19. c3 Bxc3+ 20. bxc3 Qxc3#
0-1

[Event "Nice and easy"]
[Site "SchemingMind.com"]
[Date "2008.08.05"]
[Round "-"]
[White "july"]
[Black "lame wolf"]
[Result "1-0"]
[WhiteCountry "ARG"]
[BlackCountry "INT"]
[WhiteElo "1043"]
[WhiteRD "89"]
[BlackElo "1006"]
[BlackRD "50"]
[GameID "166301"]

1. e4 d5 2. d3 dxe4 3. dxe4 e5 4. Bb5+ c6 5. Ba4 Bd7 6. f4 b5 7. Bb3 Qf6 8. g3 exf4 9. gxf4 Qh4+ 10. Kf1 Bg4
11. Qe1 Qxe1+ 12. Kxe1 Bc5 13. Kf1 Be6 14. f5 Bxb3 15. cxb3 b4 16. Nf3 Nf6 17. e5 Ne4 18. Nbd2 Nxd2+ 19. Bxd2 O-O 20. a3 Nd7
21. axb4 Bb6 22. Ke2 c5 23. b5 a6 24. Bf4 axb5 25. Be3 Rxa1 26. Rxa1 f6 27. Kd3 fxe5 28. Rg1 Rxf5 29. Rg3 c4+ 30. bxc4 bxc4+
31. Ke4 g6 32. b4
1-0

[Event "Nice and easy"]
[Site "SchemingMind.com"]
[Date "2008.08.08"]
[Round "-"]
[White "july"]
[Black "maro"]
[Result "0-1"]
[WhiteCountry "ARG"]
[BlackCountry "MEX"]
[WhiteElo "1043"]
[WhiteRD "89"]
[BlackElo "1320"]
[BlackRD "59"]
[GameID "166302"]

1. e4 e5 2. Nf3 b5 3. Bxb5 c6 4. Ba4 Nf6 5. d4 exd4 6. Nxd4 Qc7 7. f3 Qa5+ 8. Qd2 Qxa4 9. b3 Qa6 10. Qd3 Bb4+
11. Ke2 Qb6 12. c3 Bd6 13. Ba3 Ba6 14. c4 c5 15. Nf5 Be5 16. Nc3 g6 17. Na4 Qc7 18. Bb2 gxf5 19. Bxe5 Qxe5 20. Ke3 f4+
21. Kd2 Nc6 22. Rhg1 Nb4 23. Qb1 Qd4+ 24. Ke2 Qe3+ 25. Kf1 Rb8 26. Rh1 Nd3 27. Nxc5 Qf2#
0-1

[Event "Nice and easy"]
[Site "SchemingMind.com"]
[Date "2008.08.07"]
[Round "-"]
[White "july"]
[Black "murmac"]
[Result "0-1"]
[WhiteCountry "ARG"]
[BlackCountry "SCO"]
[WhiteElo "1043"]
[WhiteRD "89"]
[BlackElo "1429"]
[BlackRD "80"]
[GameID "166303"]

1. e4 c5 2. c4 d6 3. f4 Nc6 4. e5 dxe5 5. g3 Nf6 6. d3 Bf5 7. Be3 e6 8. Bxc5 Bxc5 9. Be2 O-O 10. Nf3 Nd4
11. fxe5 Ng4 12. h3 Ne3 13. Qd2 Ndc2+ 14. Kf2 Nxc4+ 15. Kg2 N4e3+ 16. Kh2 Nxa1 17. Qc3 b6 18. Ng5 Qxg5 19. h4 Ng4+ 20. Kg2 Qe3
21. Re1 Qf2+ 22. Kh3 Qh2#
0-1

[Event "Nice and easy"]
[Site "SchemingMind.com"]
[Date "2008.08.07"]
[Round "-"]
[White "lame wolf"]
[Black "july"]
[Result "0-1"]
[WhiteCountry "INT"]
[BlackCountry "ARG"]
[WhiteElo "1006"]
[WhiteRD "50"]
[BlackElo "1043"]
[BlackRD "89"]
[GameID "166304"]

1. b4 b5 2. a3 a6 3. f3 a5 4. Bb2 a4 5. e3 h5 6. Bxb5 c6 7. Be2 d5 8. d4 h4 9. h3 e6 10. b5 Bb7
11. bxc6 Nxc6 12. Bb5 Kd7 13. c3 Kd6 14. Bxa4 Na5 15. Bc2 Bc6 16. Ba4 Qd7 17. Nd2 Bxa4 18. Qc1 Nf6 19. Ne2 Be7 20. Nb1 Nb3
21. Qc2 Nxa1 22. Qd3 Bb5 23. Qd1 Ba4 24. Qc1 Nb3 25. Qd1 Bb5 26. Qxb3 Ba4 27. Qb4+ Kc7 28. Qxe7 Rae8 29. Qxd7+ Kxd7 30. Kf2 Ne4+
0-1

[Event "Nice and easy"]
[Site "SchemingMind.com"]
[Date "2008.08.09"]
[Round "-"]
[White "maro"]
[Black "july"]
[Result "1-0"]
[WhiteCountry "MEX"]
[BlackCountry "ARG"]
[WhiteElo "1320"]
[WhiteRD "59"]
[BlackElo "1043"]
[BlackRD "89"]
[GameID "166305"]

1. e4 e5 2. Nf3 Nf6 3. d4 d6 4. d5 c6 5. Nc3 cxd5 6. exd5 Bg4 7. Be2 Bh5 8. Nh4 Bg4 9. Bxg4 Nxg4 10. Qxg4 Qd7
11. Qe4 g5 12. Bxg5 f6 13. Bxf6 Bg7 14. Bg5 h6 15. Qg6+ Kf8 16. Nf5 Rg8 17. Be7+ Qxe7 18. Nxe7 Kxe7 19. Qe6+ Kf8 20. Qxd6+ Kf7
21. Qe6+ Kf8 22. O-O-O Rh8 23. d6 h5 24. d7 Nxd7 25. Rxd7 Re8 26. Qf5+ Kg8 27. Qf7+ Kh7 28. Qxg7#
1-0

[Event "Nice and easy"]
[Site "SchemingMind.com"]
[Date "2008.08.07"]
[Round "-"]
[White "murmac"]
[Black "july"]
[Result "1-0"]
[WhiteCountry "SCO"]
[BlackCountry "ARG"]
[WhiteElo "1456"]
[WhiteRD "82"]
[BlackElo "1057"]
[BlackRD "91"]
[GameID "166306"]

1. e4 e5 2. Nf3 Nf6 3. Nc3 Nc6 4. Bc4 h6 5. d4 Bb4 6. Bd2 O-O 7. dxe5 Ng4 8. Qe2 d6 9. O-O-O dxe5 10. Nd5 Be6
11. Bxb4 a5 12. Bxf8 Kxf8 13. h3 Nf6 14. g4 h5 15. Ng5 hxg4 16. Ne3 Nb4 17. Rxd8+ Rxd8 18. Bxe6 fxe6 19. Nxe6+ Ke8 20. Qb5+ Rd7
21. Nxg7+ Ke7 22. Qxe5+ Kf7 23. hxg4 Kxg7 24. Qg5+ Kf7 25. Nf5 Nxe4 26. Rh7+ Ke6 27. Qh6+ Nf6 28. Nd4+ Ke5 29. Qe3+ Kd6 30. Qe6+ Kc5
31. Rxd7 Nxd7 32. Nb3+ Kb5 33. c4+ Ka4 34. Qxd7+ Nc6 35. Nc5+ Kb4 36. a3+ Kxc5 37. Qxc7 b6 38. g5 b5 39. g6 bxc4 40. g7 a4
41. g8=Q Kb5 42. Qd5+ Ka6 43. Qdxc6#
1-0

[Event "Nice and easy"]
[Site "SchemingMind.com"]
[Date "2008.08.09"]
[Round "-"]
[White "jake"]
[Black "lame wolf"]
[Result "0-1"]
[WhiteCountry "USA"]
[BlackCountry "INT"]
[WhiteElo "990"]
[WhiteRD "73"]
[BlackElo "1062"]
[BlackRD "47"]
[GameID "166702"]

1. e3 Nf6 2. Bc4 d5 3. Bb5+ Bd7 4. a4 Bxb5 5. axb5 c6 6. bxc6 Nxc6 7. Ra4 e6 8. Nc3 Ne4 9. Nxe4 dxe4 10. Rxe4 Be7
11. Qg4 Qd5 12. Ne2 O-O-O 13. Nd4 Ne5 14. Qf4 Bd6 15. O-O f5 16. Rxe5 Bxe5 17. Qg5 g6 18. b3 Qd6 19. Bb2 Bxh2+ 20. Kh1 Be5
21. Nb5 h6 22. Qxg6 Qa6 23. Bxe5 Rhe8 24. Ra1 Qxb5 25. Rxa7 Kd7 26. Qxh6 Qxe5 27. Rxb7+ Kc8 28. Rb4 Rxd2 29. Rc4+ Kd7 30. Qh7+ Re7
31. Qg8 Rd1#
0-1

[Event "Nice and easy"]
[Site "SchemingMind.com"]
[Date "2008.08.09"]
[Round "-"]
[White "jake"]
[Black "july"]
[Result "0-1"]
[WhiteCountry "USA"]
[BlackCountry "ARG"]
[WhiteElo "997"]
[WhiteRD "72"]
[BlackElo "1043"]
[BlackRD "89"]
[GameID "166703"]

1. a4 a5 2. Nc3 Nc6 3. e4 Nf6 4. Nf3 e5 5. Bc4 d6 6. Ng5 Bg4 7. f3 Bh5 8. Nxf7 Qd7 9. Nxh8 O-O-O 10. Ra3 Be8
11. Nb5 Bh5 12. Nf7 Bxf7 13. Bxf7 Qxf7 14. b3 d5 15. exd5 Nxd5 16. c4 Nf4 17. Bb2 Nxg2+ 18. Kf1 b6 19. Kxg2 Kb7 20. Qe1 Nb4
21. Qxe5 Rc8 22. Bd4 Re8 23. Nxc7 Rxe5 24. Bxe5 Nc2 25. Ra2 Qg6+ 26. Kf2 Nb4 27. Rg1 Nxa2 28. Rxg6 hxg6 29. Nb5 Kc6 30. Nd4+ Kc5
31. Ne6+ Kb4 32. Nd4 g5 33. Nc2+ Kxb3 34. Na1+ Kxc4 35. Nc2 Kb3 36. Na1+ Kxa4 37. Nc2 Kb3 38. Na1+ Kc4 39. Nc2 Kd5 40. Ne3+ Kxe5
41. Nc4+ Kd5 42. Nxb6+ Kc6 43. Nc4 Nb4
0-1

[Event "Nice and easy"]
[Site "SchemingMind.com"]
[Date "2008.08.09"]
[Round "-"]
[White "jake"]
[Black "maro"]
[Result "0-1"]
[WhiteCountry "USA"]
[BlackCountry "MEX"]
[WhiteElo "990"]
[WhiteRD "73"]
[BlackElo "1326"]
[BlackRD "61"]
[GameID "166704"]

1. c3 b5 2. e3 Ba6 3. Qf3 Nc6 4. c4 bxc4 5. Nc3 Ne5 6. Qe4 d6 7. Nf3 f6 8. Nd5 Bb7 9. Bxc4 e6 10. Nxe5 fxe5
11. Nc3 Bxe4 12. Nxe4 d5 13. Bxd5 exd5 14. Nf6+ Nxf6 15. O-O d4 16. exd4 Qxd4 17. b3 Qxa1 18. Re1 Bc5 19. Rxe5+ Qxe5
0-1

[Event "Nice and easy"]
[Site "SchemingMind.com"]
[Date "2008.08.09"]
[Round "-"]
[White "jake"]
[Black "murmac"]
[Result "0-1"]
[WhiteCountry "USA"]
[BlackCountry "SCO"]
[WhiteElo "990"]
[WhiteRD "73"]
[BlackElo "1396"]
[BlackRD "84"]
[GameID "166705"]

1. c3 e5 2. Qb3 Nc6 3. d4 Nf6 4. dxe5 Ne4 5. Nd2 Nxd2 6. Bxd2 Bc5 7. Nf3 O-O 8. Ng5 Nxe5 9. Qc2 g6 10. Nxh7 Kxh7
11. f4 Ng4 12. f5 gxf5 13. Qxf5+ Kh8 14. Qxg4 d5 15. e3 Bxg4 16. c4 Qg5 17. Bc3+ f6 18. cxd5 Qxe3+ 19. Be2 Qxe2#
0-1

[Event "Nice and easy"]
[Site "SchemingMind.com"]
[Date "2008.08.09"]
[Round "-"]
[White "lame wolf"]
[Black "jake"]
[Result "1-0"]
[WhiteCountry "INT"]
[BlackCountry "USA"]
[WhiteElo "1062"]
[WhiteRD "47"]
[BlackElo "990"]
[BlackRD "73"]
[GameID "166706"]

1. g4 e5 2. h3 b6 3. Bg2 Nc6 4. Bxc6 dxc6 5. f3 Qd5 6. e4 Qd4 7. d3 Bb4+ 8. c3 Bxc3+ 9. bxc3 Qd6 10. Ne2 Ba6
11. c4 Nf6 12. Ba3 c5 13. Nbc3 g5 14. Nd5 c6 15. Nxf6+ Qxf6 16. Kf2 b5 17. Bxc5 bxc4 18. Qa4 cxd3 19. Ng3 Qf4 20. Qxa6 Qd2+
21. Kg1 Rb8 22. Qxc6+ Kd8 23. Qf6+ Kd7 24. Qxf7+ Kc6 25. Qd5+ Kb5 26. Rb1+ Ka5 27. Rxb8 Rxb8 28. Rh2 Rb1+ 29. Nf1 Qc3 30. Bd4+ Kb4
31. Bxc3+ Kxc3 32. Qxe5+ Kc4 33. Rb2 Rxb2 34. Qxb2
1-0

[Event "Nice and easy"]
[Site "SchemingMind.com"]
[Date "2008.08.09"]
[Round "-"]
[White "july"]
[Black "jake"]
[Result "0-1"]
[WhiteCountry "ARG"]
[BlackCountry "USA"]
[WhiteElo "1043"]
[WhiteRD "89"]
[BlackElo "997"]
[BlackRD "72"]
[GameID "166707"]

1. e4 Nf6 2. f3 d5 3. Nc3 dxe4 4. fxe4 Qd4 5. Nge2 Qd6 6. Nb5 Qb6 7. Na3 Nxe4 8. d3 Nf2 9. Qd2 Nxh1 10. Qe3 e5
11. d4 Bb4+ 12. c3 Bg4 13. dxe5 Qe6 14. cxb4 Nc6 15. b5 Nb4 16. h3 Bxh3 17. gxh3 O-O 18. b3 Rfd8 19. Bg2 Ng3 20. Nxg3 Nd3+
21. Ke2 Nxe5 22. Bxb7 Rab8 23. Bh1 Rd3 24. Qxa7 Rbd8 25. Qg1 Qxh3 26. Bb2 Qg4+ 27. Ke1 Nf3+ 28. Bxf3 Qxf3 29. Rc1 Re8+ 30. Ne4 Rxe4+
31. Qe3 Qxe3+ 32. Kf1 Rf4+ 33. Kg2 Rg4+ 34. Kf1 Qf3+ 35. Ke1 Rg1#
0-1

[Event "Nice and easy"]
[Site "SchemingMind.com"]
[Date "2008.08.10"]
[Round "-"]
[White "maro"]
[Black "jake"]
[Result "1-0"]
[WhiteCountry "MEX"]
[BlackCountry "USA"]
[WhiteElo "1326"]
[WhiteRD "61"]
[BlackElo "990"]
[BlackRD "73"]
[GameID "166708"]

1. e4 e5 2. Nf3 Qf6 3. d3 Bb4+ 4. c3 Bc5 5. b4 Na6 6. bxc5 Nxc5 7. Bg5 Nxd3+ 8. Bxd3 Qg6 9. h4 d6 10. h5 Qe6
11. Na3 f6 12. Bb5+ c6 13. Bc4 d5 14. exd5 Qg4 15. d6 fxg5 16. Qd3 Qxg2 17. Rh2 e4 18. Qxe4+ Ne7 19. Rxg2 h6 20. Qxe7#
1-0

[Event "Nice and easy"]
[Site "SchemingMind.com"]
[Date "2008.08.09"]
[Round "-"]
[White "murmac"]
[Black "jake"]
[Result "1-0"]
[WhiteCountry "SCO"]
[BlackCountry "USA"]
[WhiteElo "1396"]
[WhiteRD "84"]
[BlackElo "990"]
[BlackRD "73"]
[GameID "166709"]

1. e4 e5 2. Nf3 Nf6 3. Nc3 d5 4. d4 dxe4 5. Nxe5 Bd6 6. Bc4 Bg4 7. Nxg4 Nc6 8. Be3 Nb4 9. Qd2 Nxg4 10. O-O-O Nxf2
11. Bxf2 Qf6 12. Rhf1 Rd8 13. Bg3 Qg6 14. Rfe1 Nxa2+ 15. Bxa2 Bxg3 16. hxg3 O-O 17. Qf4 Qa6 18. Rxe4 Rfe8 19. Rde1 h5 20. Qxf7+ Kh7
21. Qxh5+ Qh6+ 22. Qxh6+ Kxh6 23. Rxe8 Rxd4 24. Bf7 Kg5 25. R1e5+ Kf6 26. Ba2
1-0

[Event "Nice and easy"]
[Site "SchemingMind.com"]
[Date "2008.08.11"]
[Round "-"]
[White "Manfred Kraut"]
[Black "lame wolf"]
[Result "1-0"]
[WhiteCountry "GER"]
[BlackCountry "INT"]
[WhiteElo "1423"]
[WhiteRD "76"]
[BlackElo "1062"]
[BlackRD "47"]
[GameID "166946"]

1. d4 d5 2. Nf3 c6 3. e3 Bg4 4. Nbd2 Bxf3 5. Nxf3 e6 6. c3 c5 7. Qa4+ Qd7 8. Bb5 Nc6 9. Ne5 Qc7 10. Nxc6 b6
11. Nxa7+ Ke7 12. Nc6+ Kf6 13. Qxa8 Bd6 14. h4 e5 15. e4 g6 16. Bg5+ Ke6 17. Qe8+
1-0

[Event "Nice and easy"]
[Site "SchemingMind.com"]
[Date "2008.08.12"]
[Round "-"]
[White "Manfred Kraut"]
[Black "jake"]
[Result "1-0"]
[WhiteCountry "GER"]
[BlackCountry "USA"]
[WhiteElo "1423"]
[WhiteRD "76"]
[BlackElo "990"]
[BlackRD "73"]
[GameID "166947"]

1. d4 Nc6 2. e3 e6 3. Nf3 Bb4+ 4. Bd2 Qf6 5. a3 Nxd4 6. Bxb4 Qf5 7. Nxd4 Qe5 8. Nc3 b6 9. Nf3 Qf5 10. Bd3 Qh5
11. O-O Bb7 12. Nb5 O-O-O 13. Nxa7+ Kb8 14. Nb5 c6 15. Nd6 c5 16. Bc3 Bd5 17. Be2 Nf6 18. Ne5 Qg5 19. f3 Rdf8 20. e4 Nxe4
21. Nxd7+ Kc7 22. Nxe4 Qe3+ 23. Rf2 Qxe4 24. fxe4 Bxe4 25. Nxf8 Rxf8 26. Bxg7 Rg8 27. Rxf7+ Kc6 28. Qd7#
1-0

[Event "Nice and easy"]
[Site "SchemingMind.com"]
[Date "2008.08.12"]
[Round "-"]
[White "Manfred Kraut"]
[Black "july"]
[Result "1-0"]
[WhiteCountry "GER"]
[BlackCountry "ARG"]
[WhiteElo "1423"]
[WhiteRD "76"]
[BlackElo "1057"]
[BlackRD "107"]
[GameID "166948"]

1. d4 d5 2. Nf3 Nf6 3. e3 e6 4. Bd3 Bb4+ 5. c3 Ba5 6. O-O Ng4 7. b4 f5 8. Ne5 Bb6 9. Nxg4 Qh4 10. Ne5 f4
11. exf4 g5 12. fxg5 Rg8 13. Qg4 Qxg5 14. Bxg5 Nc6 15. Qh5+ Kf8 16. Qf7#
1-0

[Event "Nice and easy"]
[Site "SchemingMind.com"]
[Date "2008.08.11"]
[Round "-"]
[White "Manfred Kraut"]
[Black "maro"]
[Result "1-0"]
[WhiteCountry "GER"]
[BlackCountry "MEX"]
[WhiteElo "1423"]
[WhiteRD "76"]
[BlackElo "1326"]
[BlackRD "61"]
[GameID "166949"]

1. d4 d5 2. Nf3 Nc6 3. e3 Bf5 4. c3 a6 5. Nbd2 Nf6 6. Be2 Qd6 7. O-O e6 8. c4 O-O-O 9. c5 Qd7 10. b3 Be7
11. Ne5 Nxe5 12. dxe5 Ne4 13. b4 Nc3 14. Qe1 Qa4 15. Bb2 Nxa2 16. Bd1 Bc2 17. Bxc2 Qxc2 18. Rxa2 Qd3 19. Bd4 Rhf8 20. Qa1 Qf5
21. b5 axb5 22. Qc3 b6 23. c6 b4 24. Ra8#
1-0

[Event "Nice and easy"]
[Site "SchemingMind.com"]
[Date "2008.08.11"]
[Round "-"]
[White "Manfred Kraut"]
[Black "murmac"]
[Result "1-0"]
[WhiteCountry "GER"]
[BlackCountry "SCO"]
[WhiteElo "1424"]
[WhiteRD "75"]
[BlackElo "1429"]
[BlackRD "80"]
[GameID "166950"]

1. d4 e6 2. e3 d5 3. Nf3 Nc6 4. Bd3 Nf6 5. Nbd2 Bd6 6. O-O Bd7 7. c4 Qe7 8. c5 Bxh2+ 9. Kxh2 Ng4+ 10. Kg1 O-O-O
11. b3 Qf6 12. a3 Rdg8 13. Bb2 h5 14. e4 Ne7 15. e5 Qh6 16. Bc1 h4 17. Nc4 g5 18. Nfd2 Qh5 19. Ne3 Nf5 20. Nxg4 h3
21. g3 h2+ 22. Kh1 Nxd4 23. Nf6 Qh3 24. Qg4 Qxg4 25. Nxg4 f5 26. Nxh2 g4 27. Bb2 Nf3 28. Nxf3 gxf3 29. Kg1 Be8 30. Nxf3 Bh5
31. Nh4 Bf3 32. Nxf3 f4 33. Kg2 Rh5 34. Rh1 Rgh8 35. Rxh5 Rxh5 36. gxf4 Kd7 37. Nd4 b6 38. b4 Rh4 39. Kg3 Rh8 40. Bb5+ c6
41. Bxc6+ Kc7 42. b5
1-0

[Event "Nice and easy"]
[Site "SchemingMind.com"]
[Date "2008.08.11"]
[Round "-"]
[White "lame wolf"]
[Black "Manfred Kraut"]
[Result "0-1"]
[WhiteCountry "INT"]
[BlackCountry "GER"]
[WhiteElo "1062"]
[WhiteRD "47"]
[BlackElo "1423"]
[BlackRD "76"]
[GameID "166951"]

1. c3 e5 2. d3 d5 3. e3 Nc6 4. e4 Nf6 5. Bg5 h6 6. Bxf6 Qxf6 7. Qf3 Qxf3 8. Nxf3 Bg4 9. Be2 dxe4 10. dxe4 O-O-O
11. Nbd2 Bc5 12. O-O f5 13. exf5 Bxf5 14. Nc4 e4 15. Nfe5 Nxe5 16. Rad1 Nxc4 17. Bxc4 Rxd1 18. Rxd1 Bg4 19. Re1 Re8 20. Bd5 e3
21. fxe3 c6 22. Bf3 Bxe3+ 23. Kh1 Bxf3 24. gxf3 Kd7 25. Kg2 Bd2 26. Rxe8 Kxe8 27. h4 Kf7 28. Kg3 Kf6 29. c4 g5 30. hxg5+ Bxg5
31. f4 Kf5 32. fxg5 hxg5 33. b4 b6 34. a4 Ke5 35. Kg4 Kd4 36. b5 cxb5 37. cxb5 Kc5 38. Kxg5 Kb4 39. Kf5 Kxa4 40. Ke5 Kxb5
0-1

[Event "Nice and easy"]
[Site "SchemingMind.com"]
[Date "2008.08.12"]
[Round "-"]
[White "jake"]
[Black "Manfred Kraut"]
[Result "0-1"]
[WhiteCountry "USA"]
[BlackCountry "GER"]
[WhiteElo "990"]
[WhiteRD "73"]
[BlackElo "1423"]
[BlackRD "76"]
[GameID "166952"]

1. e3 e5 2. Qg4 d6 3. Qa4+ Nc6 4. d4 Bf5 5. Bc4 Rb8 6. Nc3 a6 7. Nd5 Bd7 8. Nxc7+ Qxc7 9. dxe5 Nxe5 10. Qb3 Nxc4
11. Bd2 Nxd2 12. Kxd2 Qa5+ 13. c3 Ba4 14. Qc4 Bb5 15. Qe4+ Be7 16. b4 Qa3 17. Nf3 Nf6 18. Qf4 Nd5 19. Qd4 Bf6 20. Qe4+ Kd8
21. Qxd5 Qxc3+ 22. Kd1 Ba4+ 23. Ke2 Qb2+ 24. Kd3 Qc2#
0-1

[Event "Nice and easy"]
[Site "SchemingMind.com"]
[Date "2008.08.12"]
[Round "-"]
[White "july"]
[Black "Manfred Kraut"]
[Result "0-1"]
[WhiteCountry "ARG"]
[BlackCountry "GER"]
[WhiteElo "1043"]
[WhiteRD "89"]
[BlackElo "1424"]
[BlackRD "75"]
[GameID "166953"]

1. d4 g6 2. Bg5 Nf6 3. Bh4 Bg7 4. Nc3 O-O 5. Nf3 d5 6. e3 b6 7. g3 a5 8. Bd3 Nc6 9. Nb5 Ba6 10. Nc3 Nb4
11. a3 Nxd3+ 12. cxd3 c5 13. Ne5 cxd4 14. Na4 dxe3 15. Nc6 Qc7 16. Ne5 Qxe5 17. f4 Qd4 18. Ra2 Ng4 19. Bxe7 Rfe8 20. Bh4 Bxd3
21. h3 Nf2 22. Qb3 Nxh1 23. Nxb6 Bc4 24. Qd1 Qxd1+ 25. Kxd1 Rab8 26. Nxc4 dxc4 27. g4 Rbd8+ 28. Kc2 Rd2+ 29. Kc1 Rb8 30. Be1 Bxb2+
31. Kb1 Bxa3+ 32. Ka1 Rd1#
0-1

[Event "Nice and easy"]
[Site "SchemingMind.com"]
[Date "2008.08.11"]
[Round "-"]
[White "maro"]
[Black "Manfred Kraut"]
[Result "0-1"]
[WhiteCountry "MEX"]
[BlackCountry "GER"]
[WhiteElo "1326"]
[WhiteRD "61"]
[BlackElo "1423"]
[BlackRD "76"]
[GameID "166954"]

1. e4 c5 2. d4 cxd4 3. Qxd4 Nc6 4. Qa4 Nf6 5. Nf3 g6 6. Bc4 Bg7 7. e5 Ng4 8. Qb3 O-O 9. h3 Ngxe5 10. Nc3 Nxf3+
11. Ke2 Nfd4+ 12. Kd3 d6 13. Qa3 Bf5+ 14. Ne4 a5 15. g4 Nb4+ 16. Kc3 Bxe4 17. Be3 Ndxc2+ 18. Kb3 Nxa3 19. Kxa3 Qc7 20. Rac1 Nc2+
21. Kb3 d5 22. Bb5 Qe5 23. Rhd1 Qxb2+ 24. Ka4 Qb4#
0-1

[Event "Nice and easy"]
[Site "SchemingMind.com"]
[Date "2008.08.12"]
[Round "-"]
[White "murmac"]
[Black "Manfred Kraut"]
[Result "0-1"]
[WhiteCountry "SCO"]
[BlackCountry "GER"]
[WhiteElo "1429"]
[WhiteRD "80"]
[BlackElo "1424"]
[BlackRD "75"]
[GameID "166955"]

1. c3 e5 2. d4 exd4 3. Nf3 dxc3 4. Nxc3 Bb4 5. Bd2 Nc6 6. e3 Nf6 7. Qb3 d6 8. Bc4 Qe7 9. Ng5 O-O 10. O-O Bf5
11. e4 Nxe4 12. Ngxe4 a5 13. Nd5 Qxe4 14. Rfe1 Qg4 15. Ne7+ Nxe7 16. Rxe7 d5 17. Bxd5 Bxe7 18. Re1 Bc5 19. Be3 Bxe3 20. Qxe3 Bd7
21. h3 Qg6 22. Bxb7 Rae8 23. Be4 Rxe4 24. Qxe4 Bf5 25. Qe7 h6 26. g4 Be6 27. Qxc7 Rc8 28. Qxa5 Rc2 29. b4 Rxa2 30. Qc7 Qf6
31. b5 Qxf2+ 32. Kh1 Qg2#
0-1